01094nam a2200169 a 450000500170000002000270001702000300004408200150007410000180008924500380010725000120014526000520015730000130020952006100022265000220083285600700085420250816123951.0 a8122432034 (paperback) a9788122432039 (paperback) a541.38 ARN1 aArnikar, H.J.10aEssentials of nuclear chemistry / a4th ed. a[S.l.] :bNew Age International Pvt. Ltdc2010. a446 p. ; aThe revised edition retains the essential theories of nuclear structure and stability, radioactivity and the principles of fission, fusion and breeder reactors of the earlier editions. The preparation of the more commonly used radioisotopes and their uses as tracers in research, medicine, agriculture and industry are described. The book also covers the elements of Radiation and Radiochemistry illustrated with additional examples. The section on Mossbauer effect is retained. The chapter on the detection and measurement of radioactivity is revised to include thermoluminescence and Cerenkov detectors. anuclear chemistry40uhttp://www.amazon.com/exec/obidos/ASIN/8122432034/chopaconline-20